<?xml version="1.0" encoding="UTF-8"?>
<record
    xmlns:xsi="http://www.w3.org/2001/XMLSchema-instance"
    xsi:schemaLocation="http://www.loc.gov/MARC21/slim http://www.loc.gov/standards/marcxml/schema/MARC21slim.xsd"
    xmlns="http://www.loc.gov/MARC21/slim">

  <leader>00546nam a22001697a 4500</leader>
  <controlfield tag="005">20250129112207.0</controlfield>
  <controlfield tag="008">250129b        |||||||| |||| 00| 0 eng d</controlfield>
  <datafield tag="041" ind1=" " ind2=" ">
    <subfield code="a">eng</subfield>
  </datafield>
  <datafield tag="082" ind1=" " ind2=" ">
    <subfield code="a">712</subfield>
    <subfield code="b">KUL</subfield>
  </datafield>
  <datafield tag="100" ind1=" " ind2=" ">
    <subfield code="a">Kulkarni Vaishnavi</subfield>
    <subfield code="9">211187</subfield>
  </datafield>
  <datafield tag="245" ind1=" " ind2=" ">
    <subfield code="a">Evolving Green Infrastrategies For Ayodhya In Response To Its Cultural Context</subfield>
  </datafield>
  <datafield tag="260" ind1=" " ind2=" ">
    <subfield code="a">Pune</subfield>
    <subfield code="b">BNCA M Arch Landscape Architecture</subfield>
    <subfield code="c">28/01/2025</subfield>
  </datafield>
  <datafield tag="300" ind1=" " ind2=" ">
    <subfield code="a">107pages</subfield>
    <subfield code="b">Pb</subfield>
    <subfield code="c">29.5 x 29.5</subfield>
  </datafield>
  <datafield tag="365" ind1=" " ind2=" ">
    <subfield code="a">INR</subfield>
    <subfield code="b">150.00</subfield>
    <subfield code="c">Rupaye</subfield>
  </datafield>
  <datafield tag="500" ind1=" " ind2=" ">
    <subfield code="a">BNCA M Arch Landscape Architecture Thesis</subfield>
  </datafield>
  <datafield tag="942" ind1=" " ind2=" ">
    <subfield code="c">PR</subfield>
  </datafield>
  <datafield tag="999" ind1=" " ind2=" ">
    <subfield code="c">364915</subfield>
    <subfield code="d">364915</subfield>
  </datafield>
</record>
